000 00447nam a2200193Ia 4500
005 20251020182610.0
008 200515s9999 xx 000 0 und d
082 _aSC/624.042(85)/P45
110 _aOficina de Investigación y Normalización
245 0 _aNorma de cargas
260 _aLima
260 _c1977
300 _a19
650 _aCARGAS
650 _aNORMAS
650 _aNORMAS TECNICAS
650 _aPUB ININVI
942 _cLIB
999 _c3313
_d3313